Statistics for CFB ____ State Teams

Click here to take the quiz!

General Stats

  • This quiz has been taken 109 times
  • The average score is 10 of 15

Answer Stats

HintAnswer% Correct
BuckeyesOhio
98%
Sun DevilsArizona
93%
SeminolesFlorida
93%
NIttany LionsPenn
93%
BeaversOregon
90%
CyclonesIowa
88%
CowboysOklahoma
80%
WolfpackNorth Carolina
74%
AztecsSan DIego
64%
BroncosBoise
61%
Golden FlashesKent
50%
CougarsWashington
50%
MountaineersAppalachian
38%
PanthersGeorgia
30%
CardinalsBall
27%

Score Distribution

Percentile by Number Answered

Percent of People with Each Score

Your Score History

You have not taken this quiz